000 01076nam a2200241Ia 4500
003 Ost
005 20260507074849.0
008 260507s9999||||xx |||||||||||||| ||und||
020 _a9772764571
040 _cfsecg
041 _aara
082 _a332.1
100 _aمراد، سامي أحمد محمد
_eمؤلف
245 0 _aدور إتفاقية تحرير تجارة الخدمات الدولية (الجاتس) في رفع كفاءة أداء الخدمات المصرفية /
_c سامي أحمد محمد مراد
260 _aالقاهرة:
_bالمكتب العربي للمعارف,
_c2005
300 _a352 صفحة؛
_bإيضاحات ؛
_c25 سم
504 _aبيبليوغرافيا: ص.309
520 _aيضم الاطار العام للدراسة، نشأة الجات وتطورها ومبادئها، الخدمات المصرفية والتزامات مصر في اتفاقية الجاتس
653 _aالبنوك
653 _aالبنوك- الحسابات المصرفية
653 _aمصر- البنوك
942 _cكتاب
999 _c41556
_d41556